书目信息 |
| 题名: |
图书馆情报学概论
|
|
| 作者: | 津田良成 编 ;楚日辉 , 毕汉忠 译 | |
| 分册: | ||
| 出版信息: | 北京 科技文献出版社 1986 |
|
| 页数: | 279页 | |
| 开本: | 19cm | |
| 丛书名: | ||
| 单 册: | ||
| 中图分类: | G25 , G350 | |
| 科图分类: | ||
| 主题词: | 图书馆学-情报学--概论 , 情报学-图书馆学--概论 | |
| 电子资源: | ||
| ISBN: | ||
| 000 | 00819nam0 2200289 45 | |
| 001 | 0186018661 | |
| 005 | 20040430145740.4 | |
| 010 | @dCNY1.90 | |
| 091 | @a17176.454 | |
| 100 | @a19900726d1986 k y0chiy0121 ea | |
| 101 | 1 | @achi@cjpn |
| 102 | @aCN@b110000 | |
| 105 | @ay z 000yy | |
| 106 | @ar | |
| 200 | 10 | @a图书馆情报学概论@Atu shu guan qing bao xue gai lun@f(日)津田良成编@g楚日辉, 毕汉忠译 |
| 210 | @a北京@c科技文献出版社@d1986 | |
| 215 | @a279页@d19cm | |
| 606 | @a图书馆学-情报学@x概论 | |
| 606 | @a情报学-图书馆学@x概论 | |
| 690 | @aG25@v3 | |
| 690 | @aG350 | |
| 701 | 1 | @a津田良成@Ajin tian liang cheng@4编 |
| 702 | 0 | @a楚日辉@Achu ri hui@4译 |
| 702 | 0 | @a毕汉忠@Abi han zhong@4译 |
| 801 | 0 | @aCN@b深圳图书馆@c20040430 |
| 801 | 2 | @aCN@bNLC@c20040430 |
| 905 | @f9@b162609-617@dG350@e21 | |
| 图书馆情报学概论/(日)津田良成编/楚日辉, 毕汉忠译.-北京:科技文献出版社,1986 |
| 279页;19cm |
| ISBN :CNY1.90 |
| ● |
| 相关链接 |
|
|
|
|
正题名:图书馆情报学概论
索取号:G350/21
 
预约/预借
| 序号 | 登录号 | 条形码 | 馆藏地/架位号 | 状态 | 备注 |
| 1 | 0162609 | 000985232 | 密集书库/ [索取号:G350/21] | 在馆 | |
| 2 | 0162610 | 000984064 | 密集书库/ [索取号:G350/21] | 在馆 | |
| 3 | 0162611 | 000984055 | 密集书库/ [索取号:G350/21] | 在馆 | |
| 4 | 0162612 | 000984019 | 密集书库/ [索取号:G350/21] | 在馆 | |
| 5 | 0162613 | 000984073 | 密集书库/ [索取号:G350/21] | 在馆 | |
| 6 | 0162614 | 000985223 | 密集书库/ [索取号:G350/21] | 在馆 | |
| 7 | 0162615 | 000984082 | 密集书库/ [索取号:G350/21] | 在馆 | |
| 8 | 0162616 | 000985214 | 密集书库/ [索取号:G350/21] | 在馆 | |
| 9 | 0162617 | 000985287 | 密集书库/ [索取号:G350/21] | 在馆 | |
| 10 | 0162618 | 000985241 | 第一样本阅览室/ [索取号:G350/21] | 在馆 |